Meryl Streep Movies by Picture - Statistics

General Stats
  • This quiz has been taken 190 times
  • The average score is 10 of 16
Answer Stats
Picture Answer % Correct
The Devil Wears Prada
95%
Mamma Mia!
94%
The Iron Lady
85%
Kramer vs. Kramer
75%
Death Becomes Her
68%
Julie & Julia
64%
Out of Africa
63%
Into the Woods
62%
Sophie's Choice
57%
The Bridges of Madison County
54%
The Post
48%
Doubt
46%
The Deer Hunter
42%
Florence Foster Jenkins
38%
Silkwood
34%
August: Osage County
28%
No matching quizzes found
Score Distribution
Percent of People with Each Score
Percentile by Number Answered
Your Score History
You have not taken this quiz